Electronic Stock Market.

Provides background against which competing proposals and visions of the future of the stock market, in light of increased use of the Internet to trade stocks. Describes how buyers meet sellers in major U.S. stock markets, how electronic technology is transforming markets, and proposals for modifica...

Full description

Bibliographic Details
Corporate Authors: Library of Congress. Congressional Research Service, ProQuest (Firm)
Format: eBook
Language:English
Published: [Place of publication not identified] : [publisher not identified], 2000.
Series:U.S. Congressional Research.
Subjects:
Online Access:Connect to the full text of this electronic book

MARC

Tag First Indicator Second Indicator Subfields
LEADER 00000cam a22000001a 4500
001 in00003351621
006 m d f
007 cr bn mmmapmmp
008 100720s2000 dcu o f000 0 eng d
005 20260430214616.0
035 |a cis2007895161 
040 |a ProQuest  |c ProQuest  |d UtOrBLW 
043 |a n-us--- 
099 |a CRS-2000-GVF-0013 
110 2 |a Library of Congress.  |b Congressional Research Service. 
245 1 0 |a Electronic Stock Market. 
264 1 |a [Place of publication not identified] :  |b [publisher not identified],  |c 2000. 
300 |a 1 online resource. 
336 |a text  |b txt  |2 rdacontent 
337 |a computer  |b c  |2 rdamedia 
338 |a online resource  |b cr  |2 rdacarrier 
500 |a Record is based on bibliographic data in ProQuest U.S. Congressional Research Digital Collection (last viewed July 2010). Reuse except for individual research requires license from ProQuest, LLC. 
500 |a CRS Report. 
520 |a Provides background against which competing proposals and visions of the future of the stock market, in light of increased use of the Internet to trade stocks. Describes how buyers meet sellers in major U.S. stock markets, how electronic technology is transforming markets, and proposals for modifications in market structures now being considered by Congress, regulators, and the industry. Addresses policy issues related to current market structure and proposed modifications to that structure. 
500 |a Electronic resource. 
650 0 |a Finance  |x Law and legislation. 
650 0 |a Internet. 
650 0 |a Stock exchanges. 
655 7 |a Electronic books.  |2 local 
710 2 |a ProQuest (Firm) 
776 0 8 |i Microfiche version:   |a Library of Congress. Congressional Research Service.  |t Electronic Stock Market 
830 0 |a U.S. Congressional Research. 
856 4 0 |u http://proxy.library.tamu.edu/login?url=https://congressional.proquest.com/congcomp/getdoc?CRDC-ID=CRS-2000-GVF-0013  |z Connect to the full text of this electronic book  |t 0 
999 |a MARS 
999 f f |s a92ff931-453c-3bc0-b614-f607fab237ee  |i c7787643-6430-36a6-a41b-71d67bbfda6d  |t 0 
952 f f |a Texas A&M University  |b College Station  |c Electronic Resources  |s www_evans  |d Available Online  |t 0  |e CRS-2000-GVF-0013  |h Other scheme 
998 f f |a CRS-2000-GVF-0013  |t 0  |l Available Online